Welcome to the Holygrace Academy Library

Please use search bar below to get started

MAHABHARATA (Record no. 7274)

MARC details
000 -LEADER
fixed length control field 00263nam a22001217a 4500
082 ## - DEWEY DECIMAL CLASSIFICATION NUMBER
Classification number 823
Item number MAH/M
100 ## - MAIN ENTRY--AUTHOR NAME
Personal name MAHARISHI VYAS
245 ## - TITLE STATEMENT
Title MAHABHARATA
260 ## - PUBLICATION, DISTRIBUTION, ETC. (IMPRINT)
Place of publication DELHI
Name of publisher S CHAND & CO
Year of publication 07/03/2002
300 ## - PHYSICAL DESCRIPTION
Number of Pages 122
650 ## - SUBJECT ADDED ENTRY--TOPICAL TERM
Topical Term ENGLISH STORY
Geographic subdivision INDIA
942 ## - ADDED ENTRY ELEMENTS (KOHA)
Koha item type Books
Holdings
Withdrawn status Lost status Collection code Home library Current library Date acquired Source of acquisition Cost, normal purchase price Full call number Accession Number Koha item type
Withdrawn Damaged Item Fiction Main Library Main Library 07/03/2002 purchase 22.00 823 MAH/M 00173 Books